000 01282cam a22003014a 4500
999 _c7316
_d7316
001 12004672
003 OSt
005 20211001151456.0
008 000511s2001 enka b 001 0 eng
010 _a 00040354
020 _a0521790751
040 _aDLC
_cDDC
_dDLC
042 _apcc
050 0 0 _aTA1637
_b.S26 2001
082 0 0 _a621.367SAP 2001
100 1 _aSapiro,Guillermo;
_d1966-
_914999
245 1 0 _aGeometric partial differential equations and image analysis.
_cEdited by Sapiro,Guillermo;
260 _aNew York :
_bCambridge University Press,
_c2001.
300 _axxv,385p.
_bill. ;
_c23cm.
504 _aIncludes; bibliographical references and index.
650 0 _aEngineering
_9373
856 4 2 _3Publisher description
_uhttp://www.loc.gov/catdir/description/cam021/00040354.html
856 4 1 _3Table of contents
_uhttp://www.loc.gov/catdir/toc/cam023/00040354.html
856 4 2 _3Contributor biographical information
_uhttp://www.loc.gov/catdir/enhancements/fy0731/00040354-b.html
906 _a7
_bcbc
_corignew
_d1
_eocip
_f20
_gy-gencatlg
942 _2ddc
_cO_SHELF